Institutiones Metaphysicae In usum Discipulorum Concinnatae

Bibliographic Details
Main Author: Jaslinský, Andrej, 1715-1784 (Author)
Corporate Author: Akademická tlačiareň (Trnava, Slovensko) (Printer)
Format: Book
Language:Latin
PhysicalDescription:288, [8] s. 21 cm
Published: Tyrnaviae Typis Academicis Societatis Jesu Anno M DCC LV. [=1755]
Subjects:

MARC

LEADER 00000nam a2200000 a 4500
001 vtls012130271
003 SK-MaSNL
005 20260301055403.0
008 220407s1755 xo 0 0n0 lat
015 |a SNBHFA 
040 |a SNKHF  |b slo  |c SNK  |e AACR2 
041 0 |a lat 
044 |a xo  |c SK 
072 7 |a 11  |x Metafyzika  |2 konspekt 
080 |a 11  |2 2011 
080 |a (075)  |2 2011 
100 1 |a Jaslinský, Andrej,  |d 1715-1784  |4 aut  |9 166757 
245 1 0 |a Institutiones Metaphysicae  |b In usum Discipulorum Concinnatae  |c A.R.P. Andrea Jaszlinszky E Societate Jesu Philosophiae Doctore, Ejusdem In Universitate Tyrnaviensi Professore Publico Ordinario 
260 |a Tyrnaviae  |b Typis Academicis Societatis Jesu  |c Anno M DCC LV. [=1755] 
300 |a 288, [8] s.  |c 21 cm 
500 |a Titulná strana s vinetou. Vinety. Ozdobné iniciály. Zložky. Kustody 
501 |a Prív. 1. k: JASLINSKÝ, Andrej. Institutiones Logicae. Tyrnaviae : Typis Academicis Societatis Jesu, 1755.  |5 SNK SC 28775/prív.1; SNK SC 182503/prív.1 
504 |a Predslov. Živé záhlavie 
650 0 7 |a metafyzika  |2 SNKPH  |9 810 
655 7 |a učebnice  |2 SNKPH  |9 22521 
710 2 |a Akademická tlačiareň (Trnava, Slovensko)  |4 prt  |9 232890 
752 |a Slovensko  |d Trnava 
852 |a snk  |p SC 28775/prív.1 
852 |a snk  |p SC 182503/prív.1 
958 |a DD 
958 |a ONDV 
999 |c 613258  |d 615188 
952 |a SNK  |b SNK  |y PREZ  |7 0  |p 17A1484980  |o snkSC 28775/prív.1  |i snkK 2496/72  |8 3  |0 0  |1 0  |4 0  |d 2022-04-07  |l 0  |r 2025-09-18 00:00:00  |w 2026-02-23 
952 |a SNK  |b SNK  |y PREZ  |7 0  |p 17A1484997  |o snkSC 182503/prív.1  |i snkF 2018/26931  |8 5  |0 0  |1 0  |4 0  |d 2022-04-12  |l 0  |r 2026-02-23 16:29:48  |w 2026-02-23